00820nam a2200241Ia 450000500170000000800410001702000150005804100080007308200180008110000250009924501080012425000220023230000400025465000420029465000330033665000290036970000180039826400390041633600270045533700330048233800280051504000350054320220316235644.0121119s2001 sp a gr 000 0 spa  a84899707260 aspa04a303.69 bR65d1 aRomeva Rueda, Raúl10aDesarme y desarrollobclaves para armar conciencias cRaúl Romeva Rueda ; ilustraciones, Manuel Anoro aPrimera edición a149 páginasbilustracionesc21 cm14aDesarme xAspectos económicos2LEMB14aDesarrollo económico2LEMB14aEvolución social2LEMB1 aAnoro, Manuel aBarcelonabIntermónbOxfamc2001 atextobtxt2rdacontent asin mediaciónbn2rdamedia avolumenbnc2rdacarrier aCO-BoRNBPbspaerdacCO-BoRNBP